Návrh revitalizácie koryta toku Malina a priľahlého územia.

Gespeichert in:
Bibliographische Detailangaben
1. Verfasser: Blažičková, Terézia (Verfasst von)
Weitere Verfasser: Škrinár, Andrej (Betreuung Doktorarbeit)
Format: Manuskript Buch
Sprache:Slowakisch
Veröffentlicht: 2017
Schlagworte:
Online-Zugang:http://is.stuba.sk/zp/portal_zp.pl?podrobnosti=125139
https://opac.crzp.sk/?fn=detailBiblioForm&sid=D79A57A76A32382FF2B3AB5572E0
Tags: Tag hinzufügen
Keine Tags, Fügen Sie das erste Tag hinzu!

MARC

LEADER 00000ntm a22000003a 4500
001 stuzp62524
003 SK-STU
005 20230808144437.8
007 ta
008 150427s2015----xo-----f-mn---000-0-slo-d
040 |a STU  |b slo 
041 0 |a slo 
100 1 |a Blažičková, Terézia  |u 010160  |4 aut  |U SvF Stavebná fakulta  |T SvF Katedra vodného hospodárstva krajiny  |X 7078  |U V160  |Y 16  |7 A000007078 
242 0 1 |a Proposal for the revitalization of the river Malina and the adjacent area.  |y eng 
245 1 0 |a Návrh revitalizácie koryta toku Malina a priľahlého územia. 
260 |c 2017 
650 4 |a cyklotrasa  |2 slo 
650 4 |a protipovodňová ochrana  |2 slo 
650 4 |a revitalizácia,  |2 slo 
650 4 |a hydraulický výpočet  |2 slo 
650 4 |a restoration of watercourses  |2 eng 
650 4 |a hydraulic calculation  |2 eng 
650 4 |a flood protection  |2 eng 
650 4 |a cycling route  |2 eng 
700 1 |a Škrinár, Andrej  |u 010160  |k Z2  |4 ths  |U SvF Stavebná fakulta  |T SvF Katedra vodného hospodárstva krajiny  |X 635  |U V160  |Y 16  |7 A000000635 
856 4 |u http://is.stuba.sk/zp/portal_zp.pl?podrobnosti=125139 
856 4 |u https://opac.crzp.sk/?fn=detailBiblioForm&sid=D79A57A76A32382FF2B3AB5572E0